The North East (Record no. 79053)

MARC details
000 -LEADER
fixed length control field 00942cab a22001935a 4500
001 - CONTROL NUMBER
control field L139565
008 - FIXED-LENGTH DATA ELEMENTS--GENERAL INFORMATION
fixed length control field 070730e20070711xxkd f 000 0 eng d
035 ## - SYSTEM CONTROL NUMBER
System control number (Sirsi) u139565
041 0# - LANGUAGE CODE
Language code of text/sound track or separate title eng
100 1# - MAIN ENTRY--PERSONAL NAME
Personal name Watson, Kathy
245 04 - TITLE STATEMENT
Title The North East
Remainder of title heaven or hell?
260 ## - PUBLICATION, DISTRIBUTION, ETC.
Date of publication, distribution, etc. 2007
490 #0 - SERIES STATEMENT
Series statement Contract Journal
Volume/sequential designation 439(6633) 11 July 2007, 15-17(3)
520 ## - SUMMARY, ETC.
Summary, etc. Highlights the challenges facing national and local contractors in northeast England and provides an overview of the region's construction market. Reports that growth in construction output in northeast England during 2007 will be around 5%, mainly due to a buoyant commercial sector. Over the five years to 2011, growth in output will remain steady at 5.4%, but below the UK average. Employment is forecast to increase at a rate of 4% over this period.
590 ## - LOCAL NOTE (RLIN)
Local note KA
651 #4 - SUBJECT ADDED ENTRY--GEOGRAPHIC NAME
Geographic name Northeast England
690 ## - LOCAL SUBJECT ADDED ENTRY--TOPICAL TERM (OCLC, RLIN)
Topical term or geographic name as entry element BUILT ENVIRONMENT-CONSTRUCTION MARKET
942 ## - ADDED ENTRY ELEMENTS (KOHA)
Suppress in OPAC 0
Holdings
Withdrawn status Lost status Source of classification or shelving scheme Damaged status Not for loan Home library Current library Shelving location Date acquired Total Checkouts Full call number Barcode Date last seen Copy number Price effective from Koha item type
    Dewey Decimal Classification     London London Journal article 30/07/2007   L139565 139565-1001 06/08/2019 1 06/08/2019 Journal article